Statistiques concernant Quiz sur Maurice

Cliquez ici pour prendre le quiz!

Statistiques générales

  • Ce quiz a été pris 1 899 fois
  • Le résultat moyen est 10 sur 16

Statistiques - réponses

QuestionRéponse% Correct
Océan dans lequel Maurice se trouveOcéan Indien
99%
Langue européenne sur laquelle cette dernière est baséeFrançais
90%
Département français qui se trouve dans cet archipelLa Réunion
90%
Pays auquel Maurice appartenait jusqu'en 1968Royaume-Uni
89%
Oiseau incapable de voler qui s'est éteint
peu après l'arrivée des Hommes sur l'île
Dodo
82%
Autre pays insulaire d'Afrique qui est le seul pays
qui fut peuplé par l'Homme plus tard que Maurice
Seychelles
80%
Langue la plus parléeCréole mauricien
77%
CapitalePort-Louis
77%
Premier pays à avoir établi une colonie à Maurice, en 1638Pays-Bas
67%
Ce pays est également le seul pays africain qui
est plus ___ que Maurice (par habitant)
Riche
64%
Religion la plus pratiquéeHindouisme
51%
Produit agricole que Maurice exporte le plusSucre
44%
Devise monétaireRoupie
38%
Archipel dans lequel l'Île Maurice se situeMascareignes
32%
Deuxième plus grande îleRodrigues
29%
Archipel revendiqué par Maurice, dont l'île principale,
Diego Garcia, sert de base militaire américaine
C{hagos}
19%

Distribution des résultats

Percentile par nombre de réponses

% des personnes avec chaque résultat

Votre développement - résultats

Vous n’avez pas pris ce quiz